OECD ministers talk about science and technology for economic growth and social development
The book provides information about economic development, developing countries and economic policy
保存先:
| フォーマット: | 図書 |
|---|---|
| 言語: | Undetermined |
| 出版事項: |
Paris
OECD
1988
|
| 主題: | |
| タグ: |
タグ追加
タグなし, このレコードへの初めてのタグを付けませんか!
|
| Thư viện lưu trữ: | Trung tâm Học liệu Trường Đại học Cần Thơ |
|---|
| LEADER | 00626nam a2200181Ia 4500 | ||
|---|---|---|---|
| 001 | CTU_106906 | ||
| 008 | 210402s9999 xx 000 0 und d | ||
| 082 | |a 338.9 | ||
| 082 | |b O.28 | ||
| 245 | 0 | |a OECD ministers talk about science and technology for economic growth and social development | |
| 260 | |a Paris | ||
| 260 | |b OECD | ||
| 260 | |c 1988 | ||
| 520 | |a The book provides information about economic development, developing countries and economic policy | ||
| 650 | |a Economic development,Developing countries | ||
| 650 | |x Economic policy | ||
| 904 | |i Truc | ||
| 980 | |a Trung tâm Học liệu Trường Đại học Cần Thơ | ||